|
|
|
|
| LEADER |
00686nam a2200169Ia 4500 |
| 001 |
CTU_133714 |
| 008 |
210402s9999 xx 000 0 und d |
| 020 |
|
|
|c 128.14
|
| 082 |
|
|
|a 637.1476
|
| 082 |
|
|
|b M294
|
| 245 |
|
0 |
|a Manufacturing yogurt and fermented milks
|
| 245 |
|
0 |
|c Editor, Ramesh C. Chandan ; Associate editors, Charles H. White, Arun Kilara, Y.H. Hui.
|
| 260 |
|
|
|a Ames, Iowa
|
| 260 |
|
|
|b Blackwell Pub
|
| 260 |
|
|
|c 2006
|
| 650 |
|
|
|a Yogurt,Fermented milk,Dairy processing,Food industry and trade,Sữa chua,Sữa lên men,Chế biến sữa,Thương mại và công nghiệp thực phẩm
|
| 980 |
|
|
|a Trung tâm Học liệu Trường Đại học Cần Thơ
|